LIBRARY & INFORMATION CENTRE, KCAET, TAVANUR

ONLINE PUBLIC ACCESS CATALOGUE (OPAC)

Manual of methods for soil and land evaluation (Record no. 13836)

MARC details
000 -LEADER
fixed length control field 00311nam a22001217a 4500
020 ## - INTERNATIONAL STANDARD BOOK NUMBER
ISBN 978 1 57808 571 2
082 ## - DEWEY DECIMAL CLASSIFICATION NUMBER
Classification number 631.45 COS/MA
100 ## - MAIN ENTRY--AUTHOR NAME
Personal name Costantini ,Edoardo A C
245 ## - TITLE STATEMENT
Title Manual of methods for soil and land evaluation
260 ## - PUBLICATION, DISTRIBUTION, ETC. (IMPRINT)
Place of publication Enfield
Name of publisher Science Publishers
Year of publication 2009
300 ## - PHYSICAL DESCRIPTION
Number of Pages 549
942 ## - ADDED ENTRY ELEMENTS (KOHA)
Koha item type Books
Holdings
Withdrawn status Lost status Damaged status Collection code Home library Current library Shelving location Date acquired Source of acquisition Cost, normal purchase price Full call number Accession Number Koha item type
      Reference KAUAET KAUAET Reference 31/03/2012 Dreamtech ,Thiruvananthapuram 6320.87 631.45 COS/MA 23439 Books
free website counter